00352nam a2200097Ia 4500008004100000040002900041050002600070100001800096245010700114260003300221230222s9999||||xx |||||||||||||| ||und|| cChuka University Library aTHE BF 481 bM68 2016 aM' MUTIA,F.M. 0aEffects of stress on social life among day secondary school students in Igembe South -sub county,Kenya aC.U.bChuka Universityc2016